[Event "Deva tt"]
[Site "Deva"]
[Date "1999.??.??"]
[Round "?"]
[White "Murg, Gheorghe"]
[Black "Vilceanu, Mihai"]
[Result "1/2-1/2"]
[WhiteElo "1640"]
[BlackElo "2125"]
[PlyCount "76"]
[EventDate "1999.07.??"]
[EventType "team"]
[EventRounds "9"]
[EventCountry "ROU"]
[SourceTitle "EXT 2004"]
[Source "ChessBase"]
[SourceDate "2003.11.25"]
[SourceVersion "1"]
[SourceVersionDate "2003.11.25"]
[SourceQuality "1"]

1. e4 e5 2. Nf3 Nc6 3. Bb5 a6 4. Ba4 Nf6 5. d3 b5 6. Bb3 d6 7. Nc3 Be7 8. Ne2 0-0 9. a3 Be6 10. c3 Na5 11. Bc2 c5 12. h3 c4 13. d4 exd4 14. Nfxd4 Bd7 15. Ng3 Re8 16. 0-0 Qc7 17. f4 Qb7 18. Qf3 Bd8 19. Kh1 Nc6 20. Bd2 Nxd4 21. cxd4 Bc6 22. d5 Nxd5 23. exd5 Bxd5 24. Qg4 Bxg2+ 25. Kh2 Bxf1 26. Rxf1 Bf6 27. Bc3 Bxc3 28. bxc3 Rad8 29. Nh5 g6 30. Nf6+ Kg7 31. Nxe8+ Rxe8 32. f5 d5 33. fxg6 hxg6 34. Rg1 Re6 35. h4 Qc7+ 36. Kh1 Qd6 37. Qd4+ Qe5 38. Qxe5+ Rxe5 1/2-1/2

[Event "Deva tt"]
[Site "Deva"]
[Date "1999.??.??"]
[Round "1"]
[White "Vilceanu, Mihai"]
[Black "Panait, Ioan"]
[Result "0-1"]
[WhiteElo "2125"]
[BlackElo "1680"]
[PlyCount "76"]
[EventDate "1999.07.??"]
[EventType "team"]
[EventRounds "9"]
[EventCountry "ROU"]
[SourceTitle "EXT 2004"]
[Source "ChessBase"]
[SourceDate "2003.11.25"]
[SourceVersion "1"]
[SourceVersionDate "2003.11.25"]
[SourceQuality "1"]

1. e4 e5 2. Nf3 Nf6 3. Nxe5 d6 4. Nc4 Nxe4 5. Bd3 Nc5 6. Be2 d5 7. Ne3 d4 8. Nc4 Be7 9. b4 Ne6 10. a3 0-0 11. 0-0 Na6 12. f4 c5 13. Bd3 cxb4 14. Qh5 g6 15. Qh6 Ng7 16. Bb2 Nf5 17. Bxf5 Bxf5 18. d3 b3 19. cxb3 Nc5 20. Ne3 Nxd3 21. Nxf5 gxf5 22. Rf3 Bg5 23. Rg3 Nxf4 24. Rxg5+ Ng6 25. Nd2 Re8 26. Nf3 Re4 27. Rd1 Qf8 28. Qh3 Rd8 29. Rxf5 Re3 30. Bxd4 Rxb3 31. Rh5 Qxa3 32. Qf5 Qe7 33. Ne5 Rb4 34. Rxh7 Rbxd4 35. Rxd4 Rxd4 36. Rxf7 Rd1+ 37. Kf2 Qh4+ 38. Ke2 Qe1+ 0-1

[Event "Centrocoop June op-A"]
[Site "Eforie Nord "]
[Date "1998.??.??"]
[Round "?"]
[White "Burdova, Ksenija"]
[Black "Vilceanu, Mihai"]
[Result "1-0"]
[WhiteElo "2000"]
[BlackElo "2135"]
[PlyCount "53"]
[EventDate "1998.06.??"]
[EventType "swiss"]
[EventRounds "11"]
[EventCountry "ROU"]
[SourceTitle "EXT 2000"]
[Source "ChessBase"]
[SourceDate "1999.11.16"]
[SourceVersion "1"]
[SourceVersionDate "1999.11.16"]
[SourceQuality "1"]

1. e4 e5 2. Nf3 Nc6 3. d4 exd4 4. Nxd4 Bc5 5. Nxc6 Qf6 6. Qd2 dxc6 7. Qf4 Qg6 8. Qe5+ Be7 9. g3 f6 10. Qf4 Bg4 11. Nd2 Rd8 12. Qe3 Bc5 13. Qxc5 Qxe4+ 14. Qe3 Qxe3+ 15. fxe3 Ne7 16. Be2 Bh3 17. Kf2 Nd5 18. c3 0-0 19. e4 Nb6 20. g4 h5 21. gxh5 f5 22. Kg3 fxe4 23. Kxh3 Rf2 24. Re1 e3 25. Nf3 Nd5 26. Kg3 g6 27. Bxe3 1-0

[Event "Centrocoop June op-A"]
[Site "Eforie Nord "]
[Date "1998.??.??"]
[Round "?"]
[White "Vilceanu, Mihai"]
[Black "Sandu, Cristian"]
[Result "1-0"]
[WhiteElo "2135"]
[BlackElo "2035"]
[PlyCount "63"]
[EventDate "1998.06.??"]
[EventType "swiss"]
[EventRounds "11"]
[EventCountry "ROU"]
[SourceTitle "EXT 2000"]
[Source "ChessBase"]
[SourceDate "1999.11.16"]
[SourceVersion "1"]
[SourceVersionDate "1999.11.16"]
[SourceQuality "1"]

1. c4 Nf6 2. Nc3 d5 3. cxd5 Nxd5 4. g3 e5 5. Bg2 Be6 6. Qb3 Nb6 7. Qb5+ N8d7 8. Bxb7 Rb8 9. Bc6 Be7 10. b3 0-0 11. Qd3 Qc8 12. Nd5 Bc5 13. Bb2 f5 14. Rc1 Rf7 15. Nxb6 Rxb6 16. Bg2 Rd6 17. Qc3 Qb8 18. Qc2 Qb6 19. Nh3 f4 20. Ng5 Bf5 21. Qc4 Be6 22. Nxe6 Rxe6 23. Bd5 Bxf2+ 24. Kd1 Ref6 25. Qxc7 Kh8 26. Bxf7 Rxf7 27. Qxb6 Bxb6 28. Rc8+ Nf8 29. Bxe5 Kg8 30. Bd6 fxg3 31. hxg3 g6 32. Bxf8 1-0

[Event "Centrocoop June op-A"]
[Site "Eforie Nord "]
[Date "1998.??.??"]
[Round "?"]
[White "Vilceanu, Mihai"]
[Black "Smokina, Karolina"]
[Result "0-1"]
[WhiteElo "2135"]
[BlackElo "2195"]
[PlyCount "80"]
[EventDate "1998.06.??"]
[EventType "swiss"]
[EventRounds "11"]
[EventCountry "ROU"]
[SourceTitle "EXT 2000"]
[Source "ChessBase"]
[SourceDate "1999.11.16"]
[SourceVersion "1"]
[SourceVersionDate "1999.11.16"]
[SourceQuality "1"]

1. c4 Nf6 2. Nc3 d6 3. g3 g6 4. Bg2 Bg7 5. d3 0-0 6. Bg5 c6 7. Qd2 Re8 8. h4 h5 9. Nh3 Qb6 10. f3 e5 11. Nf2 Nbd7 12. g4 d5 13. gxh5 gxh5 14. Bh3 d4 15. Bxf6 dxc3 16. Qg5 Nxf6 17. Rg1 Bg4 18. fxg4 cxb2 19. Rb1 Kf8 20. gxh5 Bh8 21. Qd2 e4 22. Qxb2 Qxb2 23. Rxb2 exd3 24. Nxd3 Rad8 25. Rb3 Ne4 26. h6 Nc3 27. Kf1 Ne4 28. Bf5 Nd2+ 29. Kg2 Rxe2+ 30. Kh3 Nxb3 31. axb3 Re3+ 32. Rg3 Rxg3+ 33. Kxg3 Ke7 34. h5 Kf6 35. Be4 Kg5 36. Nc5 b6 37. Nb7 Rd4 38. Bxc6 Kxh6 39. Bf3 Be5+ 40. Kg2 Rd2+ 0-1